ბათუმის შოთა რუსთაველის სახელმწიფო უნივერსიტეტის ბიბლიოთეკა

ანტიკური არქეოლოგია : (ბიბ.ჩანაწერი № 59970)

000 -ლიდერი
ფიქსირებული სიგრძის საკონტროლო ველი 01397nam a22002057a 4500
003 - საკონტროლო ნომრის იდენტიფიკატორი
საკონტროლო ველი Ge_BSU
005 - ბოლო ოპერაციის თარიღი და დრო
საკონტროლო ველი 20230525124104.0
008 - ფიქსირებული სიგრძის მონაცემთა ელემენტები - ზოგადი ინფორმაცია
ფიქსირებული სიგრძის საკონტროლო ველი 230525s1971 ge ||||| |||| 00| 0 geo d
041 ## - ენის კოდი
Language code of text/sound track or separate title geo
080 ## - უნივერსალური ათობითი კლასიფიკაციის ინდექსი
Universal Decimal Classification number 902(3)(075.8) ლ-85
100 ## - მთავარი ჩანაწერი - პიროვნების სახელი
Personal name ლორთქიფანიძე, ოთარ
9 (RLIN) 1433
245 ## - ცნობა სათაურის შესახებ
Title ანტიკური არქეოლოგია :
Remainder of title ძველი საბერძნეთი. [დამხმ. სახელმძღვ. ისტორიის ფაკ.-ტის სტუდენტებისა და ანტიკური კულტურის შემსწავლელთათვის] /
Statement of responsibility, etc ოთარ ლორთქიფანიძე; რედ. რ. გორდეზიანი.
264 ## - წარმოების, გამოცემის, დისტრიბუციის და სხვა ცნობები
გამოცემის, წარმოების, დისტრიბუციის... ადგილი თბილისი :
გამოცემის, წარმოების, დისტრიბუციის... სახელწოდება თბილ. უნ-ტის გამ-ბა,
გამოცემის, წარმოების, დისტრიბუციის... თარიღი 1971.
300 ## - ფიზიკური აღწერა
Extent 363 გვ. :
Other physical details ილ.; 12 ფ. ტბლ. ;
Dimensions 22 სმ.
500 ## - ზოგადი შენიშვნა
General note დამხმ. ლიტერატურა-ცნობარები, ლექსიკონები, ენციკლოპედიები. გვ. 357-361.
653 ## - INDEX TERM--UNCONTROLLED
Uncontrolled term ანტიკური არქეოლოგია
653 ## - INDEX TERM--UNCONTROLLED
Uncontrolled term ძველი საბერძნეთის არქეოლოგია.
700 ## - ADDED ENTRY--PERSONAL NAME
Personal name გორდეზიანი, რ.
Relator term რედაქტორი
9 (RLIN) 18217
942 ## - ADDED ENTRY ELEMENTS (KOHA)
Source of classification or shelving scheme
Koha item type წიგნი
ეგზემპლარები
ჩამოწერის სტატუსი დაკარგული ეგზემპლარის სტატუსი კლასიფიკაციის წყარო ან თაროზე გაწყობის სქემა დაზიანების სტატუსი არ გაიცემა მუდმივი მდებარეობა (დაცვის ადგილი) ამჟამინდელი ადგილსამყოფელი თაროზე განთავსების ადგილი შეძენის თარიღი ღირებულება, შესყიდვის ნორმალური ფასი სრული შენახვის შიფრი შტრიხკოდი ბოლო ოპერაციის თარიღი ეგზემპლარის მიმდევრობითი ნომერი (კეტერი?) Uniform Resource Identifier ფასის ძალაში შესვლის თარიღი ეგზემპლარის სახეობა საჯარო შენიშვნა Cost, replacement price
          ბათუმის შოთა რუსთაველის სახელმწიფო უნივერსიტეტის მთავარი ბიბლიოთეკა ბათუმის შოთა რუსთაველის სახელმწიფო უნივერსიტეტის მთავარი ბიბლიოთეკა წიგნსაცავი 2023-05-25 8.00 902(3)(075.8) ლ-85 64489 2023-05-25 64489 ბსუ-ს საპატიო დოქტორის გურამ ლორთქიფანიძის საჩუქარი 2023-05-25 წიგნი 8 ლ.  
          ბათუმის შოთა რუსთაველის სახელმწიფო უნივერსიტეტის მთავარი ბიბლიოთეკა ბათუმის შოთა რუსთაველის სახელმწიფო უნივერსიტეტის მთავარი ბიბლიოთეკა წიგნსაცავი 2023-05-29 8.00 902(3)(075.8) ლ-85 64495 2023-05-29 64495   2023-05-29 წიგნი 8.00 0.00